| 000 | 00000nas 2200000zi 4500 |
| 001 | 9.905950 |
| 003 | CaOODSP |
| 005 | 20240927112721 |
| 006 | m o d f |
| 007 | cr cn |||||||| |
| 008 | 211210c20059999onc x m o f0### 0kal|d |
| 040 | |aCaOODSP|bfre|erda|cCaOODSP |
| 043 | |an-cn--- |
| 086 | 1 |aFs70-6Kal-PDF |
| 245 | 00|aCanadian Science Advisory Secretariat science advisory report. |
| 246 | 30|aScience advisory report |
| 250 | |a[Édition groenlandais]. |
| 264 | 1|a[Ottawa] : |bSecrétariat canadien de consultation scientifique, |c[2005]- |
| 310 | |aIrrégulier |
| 336 | |atexte|btxt|2rdacontent/fre |
| 337 | |ainformatique|bc|2rdamedia/fre |
| 338 | |aressource en ligne|bcr|2rdacarrier/fre |
| 500 | |aPublié aussi en français sous le titre : Secrétariat canadien de consultation scientifique, avis scientifique. |
| 546 | |aTexte en groenlandais. |
| 650 | 6|aRessources halieutiques|xÉvaluation|zCanada. |
| 650 | 6|aÉcosystèmes marins|zCanada. |
| 650 | 6|aHabitats aquatiques|zCanada. |
| 650 | 6|aPêches|xGestion|zCanada. |
| 710 | 1 |aCanada. |bMinistère des pêches et des océans, |eorganisme de publication. |
| 710 | 2 |aSecrétariat canadien de consultation scientifique, |eorganisme de publication. |
| 775 | 08|tSecrétariat canadien de consultation scientifique, avis scientifique |w(CaOODSP)9.502624 |
| 791 | |tCanadian Science Advisory Secretariat science advisory report.|eeng|w(CaOODSP)9.905943 |